000 00884nam a22002055i 4500
001 160342
003 ES-MaACL
005 20250602063236.0
008 040922m18581859it |||| | ita d
040 _aCAM
_bspa
_cCAM
100 1 _aMüller, Karl Otfried,
_d1797-1840
_9130370
245 1 0 _aIstoria della letteratura greca /
_cdi Carlo Ottofredo Müller. Prima traduzione dall'originale tedesco, preceduta da un proemio sulle condizioni della filologia e sulla vita e le opere dell'autore per Giuseppe Müller ed Eugenio Ferrai.
260 _aFirenze :
_bFelice Le Monnier,
_c1858-1859.
300 _a2 v. (LXIV, 451, [2] ; 431, [1] p.) ;
_c19 cm.
650 0 4 _aLiteratura griega-
_xHistoria y crítica.
_914599
700 1 _aMüller, Joseph.
_9130369
700 1 _aFerrai, Eugenio.
_9127060
852 _aES-MaACL
_jG-15630-31
_z-- Enc. hol.
999 _c160342
_d160342